LEADER 00869nam0-2200325---450- 001 990009459690403321 005 20111021131755.0 010 $a0-792-34485-5 035 $a000945969 035 $aFED01000945969 035 $a(Aleph)000945969FED01 035 $a000945969 100 $a20111020d1997----km-y0itay50------ba 101 0 $aeng 102 $aNL 105 $aa-------001yy 200 1 $aBeech forests$fby Rob Peters 210 $aDordrecht [etc.]$cKluwer academic publishers$dc1997 215 $aXII, 169 p.$cill.$d26 cm 225 1 $aGeobotany$v24 610 0 $aFaggete$aEcologia 676 $a583.976$v20$zita 700 1$aPeters,$bRob$0513676 801 0$aIT$bUNINA$gRICA$2UNIMARC 901 $aBK 912 $a990009459690403321 952 $a60 583.976 B 2$b13507$fFAGBC 959 $aFAGBC 996 $aBeech forests$9853323 997 $aUNINA LEADER 01489nam0 2200289 450 001 000040737 005 20150709133400.0 100 $a20150604d2015----km-y0itay50------ba 101 0 $aeng 102 $aIT 105 $aa---m-------- 200 1 $aClimatological study of aerosol optical properties over Europe by ground-based and satellite-borne remote sensing$bTesi di dottorato$fDottorando: Nikolaos Papagiannopoulos$gCoordinatore: Aurelia Sole$gTutors: Gelsomina Pappalardo, Lucia Mona 210 $a[Potenza]$d[2015] 215 $aIII, 201 p.$cill.$d31 cm. 328 1$aTesi di dottorato: Università della Basilicata, Dottorato di ricerca in Metodi e tecnologie per il monitoraggio ambientale, XXVII ciclo, A.a. 2013-2014 676 $a621.3678$v(22. ed.)$9Tecnologia del rilevamento a distanza 686 $aFIS/06$cFisica per il sistema terra e per il mezzo circumterrestre 700 1$aPapagiannopoulos,$bNikolaos$0447611 801 0$aIT$bUniversità della Basilicata - B.I.A.$gREICAT$2unimarc 912 $a000040737 996 $aClimatological study of aerosol optical properties over Europe by ground-based and satellite-borne remote sensing$9104676 997 $aUNIBAS CAT $aSTD103$b01$c20150604$lBAS01$h1046 CAT $aSTD103$b01$c20150605$lBAS01$h1225 CAT $aTTM$b30$c20150709$lBAS01$h1334 FMT Z30 -1$lBAS01$LBAS01$mBOOK$1BASA2$APolo Tecnico-Scientifico$2TDO$BTesi di Dottorato$3TDI.27c.PN1$640737-10$54073710$820150604$f98$FConsultazione LEADER 03377nam 2200541 450 001 9910131529003321 005 20170918171155.0 010 $a1-119-23979-6 010 $a1-119-11635-X 010 $a1-119-23978-8 035 $a(CKB)3710000000498558 035 $a(EBL)4548086 035 $a(MiAaPQ)EBC4548086 035 $a(EXLCZ)993710000000498558 100 $a20160916d2015 uy| 0 101 0 $aeng 135 $aur|n|---||||| 181 $2rdacontent 182 $2rdamedia 183 $2rdacarrier 200 10$a3D discrete element workbench for highly dynamic thermo-mechanical analysis $eGranOO. Volume 3 /$fDamien Andre?, Jean-Luc Charles, Ivan Iordanoff ; coordinated by Ivan Iordanoff 210 1$aHoboken, NJ :$cWiley,$d2015. 215 $a1 online resource (175 p.) 225 1 $aNumerical methods in engineering series : discrete element model and simulation of continuous materials behavior set ;$vvolume 3 300 $aDescription based upon print version of record. 311 $a1-84821-772-2 320 $aIncludes bibliographical references and index. 327 $aTable of Contents; Title; Copyright; List of Figures; List of Tables; Introduction; I.1. The black box problem; I.2. A numerical tool to study a tribological problem; I.3. Why have we chosen a free license?; I.4. Discrete element methods; I.5. Application to tribological problems; I.6. A brief history of the workbench GranOO; I.7. A design to serve versatility; I.8. Choice of the programming language; I.9. Book organization; 1: Object Oriented Approach and UML; 1.1. Object Oriented (OO) paradigms; 1.2. OO analysis and design; 1.3. UML diagrams; 2: Operating Architecture 327 $a2.1. The GranOO package2.2. Compilation process of the executable file; 2.3. Launching a GranOO executable; 2.4. The input files; 2.5. The magic world of the plugins; 2.6. The output files; 3: Focus on Libraries; 3.1. The geometrical library; 3.2. The DEM library; 3.3. The libMySandbox library; 3.4. Conclusion; 4: Tools and Practical Examples of Use of GranOO.; 4.1. Tool overview; 4.2. Granular simulation: the bluewave example; 4.3. The continuous discrete element model; 4.4. Conclusion; Conclusion; Appendices; Appendix 1: Using Quaternions; A1.1. Introduction; A1.2. Norm transformation 327 $aA1.3. Direction transformationA1.4. Quaternion definition; A1.5. Mathematical properties; A1.6. Quaternion and attitude; A1.7. Quaternion and angular velocity; A1.8. Application to dynamics; A1.9. Numerical integration; A1.10. Conclusion; Appendix 2: Pendulum Problem Complete Code; Bibliography; Index; End User License Agreement 410 0$aNumerical methods in engineering series. 606 $aMaterials$xDynamic testing 606 $aDiscrete element method 606 $aObject-oriented methods (Computer science) 606 $aUML (Computer science) 608 $aElectronic books. 615 0$aMaterials$xDynamic testing. 615 0$aDiscrete element method. 615 0$aObject-oriented methods (Computer science) 615 0$aUML (Computer science) 700 $aAndre?$b Damien$0862214 801 0$bMiAaPQ 801 1$bMiAaPQ 801 2$bMiAaPQ 906 $aBOOK 912 $a9910131529003321 996 $a3D discrete element workbench for highly dynamic thermo-mechanical analysis$91924652 997 $aUNINA